000
00252nam a2200109Ia 4500
008
190913s9999||||xx |||||||||||||| ||und||
100
_a
Zeeshan Ul Hassan
245
0
_a
Kassak
260
_a
Lahore
_b
Irfan Publisher
_c
1997
300
_a
498
942
_c
BK
999
_c
8053
_d
8053